000 00883nam a2200217 a 4500
001 000043212
005 20201002040728.0
008 140225s2014 xxu 000 0 spa d
020 _a9781619022478
040 _aDO-SdBNP
_bspa
_cBNPHU
041 1 7 _aeng
100 1 _aBerriault, Gina
_970803
245 1 0 _aThree short novels :
_bThe Son, The Lights of Earth, and The Conference of Victims /
_cGina Berriault.
260 _a[California ] :
_bCounterpoint Berkeley,
_c2014.
300 _a403 p. ;
_c24 cm.
505 0 _aThe Son /
_rGina Berriault. --
_tThe Lights of Earth /
_rGina Berriault. --
_tThe Conference of Victims /
_rGina Berriault --
563 _aTres obras encuadernadas juntas con paginación continúa
700 1 2 _aBerriault, Gina
_tThe Son
_970804
700 1 2 _aBerriault, Gina
_tThe Lights of Earth
_970805
700 1 2 _aBerriault, Gina
_tThe Conference of Victims
_970806
999 _c42701
_d42701